Can you believe it? : Stories and idioms from real life

Đã lưu trong:
書目詳細資料
主要作者: Huizenga, Jann
格式: 圖書
語言:Undetermined
出版: New York Oxford University Press 2000
主題:
標簽: 添加標簽
沒有標簽, 成為第一個標記此記錄!
Thư viện lưu trữ: Trung tâm Học liệu Trường Đại học Cần Thơ
LEADER 00585nam a2200217Ia 4500
001 CTU_94757
008 210402s9999 xx 000 0 und d
020 |c 164000 
082 |a 428.64 
082 |b H911/B.2 
100 |a Huizenga, Jann 
245 0 |a Can you believe it? : 
245 0 |b Stories and idioms from real life 
245 0 |c Jann Huizenga 
260 |a New York 
260 |b Oxford University Press 
260 |c 2000 
650 |a English language,English language 
650 |x Idioms 
904 |i Giang 
980 |a Trung tâm Học liệu Trường Đại học Cần Thơ